| 000 | 00760nam a2200229 i 4500 | ||
|---|---|---|---|
| 001 | bg | ||
| 100 | 1 |
_aIngarden, Roman Stanisław _d(1920-2011). |
|
| 245 | 1 | 0 |
_aFizyka i fizycy : _bstudia i szkice z historii i filozofii fizyki / _cRoman Stanisław Ingarden. |
| 260 |
_aToruń : _bWydaw. Uniwersytetu im. Mikołaja Kopernika, _c1994. |
||
| 300 |
_a262 s. ; _c24 cm. |
||
| 500 | _aNazwa wydaw. w cop. | ||
| 504 | _aBibliogr. przy rozdz., prace R. S. Ingardena z historii i filozofii fizyki s. 261-262. | ||
| 650 | 9 |
_aFizyka _xhistoria _y13-20 w. |
|
| 655 | _aSzkice literackie | ||
| 020 | _a8323105758 | ||
| 040 | _cBPK | ||
| 041 | 0 | _apol | |
| 080 | _a53"12/19" | ||
| 920 | _a83-231-0575-8 | ||
| 942 | _cKS | ||
| 008 | s pl f |000 0 pol | ||
| 999 |
_c30750 _d30750 |
||
| 856 |
_uhttp://koha.tu.koszalin.pl/cgi-bin/koha/opac-detail.pl?biblionumber=30750 _yKatalog online BPK |
||